Sports Quiz

Random Sports or Baseball Quiz

Wisconsin All-Stars (1990s) Quiz Stats

 Plays Quiz not verified by Sporcle

Challenge
Share
Tweet
Embed
Score 0/50 Timer 05:00
0 Plays Today
Year Player % Correct
Packers Brett Favre
97.5%
Packers Brett Favre
97.5%
PackersBrett Favre
97.5%
PackersBrett Favre
97.5%
PackersBrett Favre
97.5%
Packers Sterling Sharpe
83.1%
Packers Reggie White
82.6%
Packers Reggie White
82.6%
Packers Reggie White
82.6%
PackersReggie White
82.6%
PackersReggie White
82.6%
PackersReggie White
82.6%
Packers Sterling Sharpe
80.1%
Packers Sterling Sharpe
80.1%
Packers Sterling Sharpe
80.1%
Packers Sterling Sharpe
80.1%
BrewersPaul Molitor
70.5%
BrewersPaul Molitor
70.5%
PackersAntonio Freeman
69.6%
Packers Mark Chmura
59.9%
PackersMark Chmura
59.9%
PackersMark Chmura
59.9%
PackersDorsey Levens
55.2%
BucksVin Baker
51.9%
BucksVin Baker
51.9%
Year Player % Correct
BucksVin Baker
51.9%
Packers Don Majkowski
51.3%
Packers LeRoy Butler
45.1%
PackersLeRoy Butler
45.1%
PackersLeRoy Butler
45.1%
PackersLeRoy Butler
45.1%
BrewersJeromy Burnitz
39.4%
PackersKeith Jackson
38.9%
BrewersGreg Vaughn
32%
BrewersGreg Vaughn
32%
BucksAlvin Robertson
29.8%
BrewersJeff Cirillo
28.6%
PackersFrank Winters
27.4%
BrewersDave Nilsson
24.2%
BrewersFernando Viña
22%
Packers Tim Harris
22%
BucksRicky Pierce
20.6%
BrewersDave Parker
20.2%
Packers Bryce Paup
17.8%
BrewersRicky Bones
17.1%
BrewersKevin Seitzer
14.6%
Packers Chuck Cecil
12.6%
PackersTravis Jervey
8.9%
PackersRoell Preston
7.8%
Packers Brent Fullwood
7%

You're not logged in!

Compare scores with friends on all Sporcle quizzes.
Join for Free
OR
Log In

You Might Also Like...

Show Comments

Extras

Top Quizzes Today


Score Distribution

Your Account Isn't Verified!

In order to create a playlist on Sporcle, you need to verify the email address you used during registration. Go to your Sporcle Settings to finish the process.

Report this User

Report this user for behavior that violates our Community Guidelines.

Details: